000 00301nam a2200133Ia 4500
100 _aHoneycutt/Jerry
942 _cBK
654 _amicrosoft
245 _aIntroducing Microsoft windows server 2003
260 _bPrentice Hall
_c2003
082 _a5.133
_bHON
300 _a421
546 _aENGLISH
999 _c28398
_d28398